000 01417nam a2200349 a 4500
001 ebr10674784
003 CaPaEBR
006 m o u
007 cr cn|||||||||
008 130419s2013 njua sbi 001 0 eng d
020 _z9781118010655
020 _z9781118345115 (e-book)
040 _aCaPaEBR
_cCaPaEBR
035 _a(OCoLC)847729054
050 1 4 _aTK7871.67.L45
_b.T45 2013eb
082 0 4 _a621.382/4
_223
100 1 _aThornton, John,
_d1968-
245 1 0 _aModern lens antennas for communications engineering
_h[electronic resource]
_cJohn Thornton, Kao-Cheng Huang.
260 _aHoboken, N.J. :
_bWiley,
_cc2013.
300 _a1 online resource (xii, 272 p.) :
_bill.
490 1 _aIEEE Press
504 _aIncludes bibliographical references and index.
533 _aElectronic reproduction.
_bPalo Alto, Calif. :
_cebrary,
_d2013.
_nAvailable via World Wide Web.
_nAccess may be limited to ebrary affiliated libraries.
588 _aDescription based on online resource; title from title page (ebrary, viewed April 12, 2013).
650 0 _aLens antennas.
655 7 _aElectronic books.
_2local
700 1 _aHuang, Kao-Cheng.
710 2 _aebrary, Inc.
830 0 _aIEEE Press series on electromagnetic wave theory.
856 4 0 _uhttp://site.ebrary.com/lib/rucke/Doc?id=10674784
_zAn electronic book accessible through the World Wide Web; click to view
922 _aInnodata Copy
999 _c57241
_d57241